[Event "FIDE Grand Swiss"]
[Site "Douglas"]
[Date "2023.11.01"]
[Round "7"]
[White "Suleymanli, Aydin Elshan"]
[Black "Sevian, Samuel"]
[Result "0-1"]
[WhiteElo "2588"]
[BlackElo "2698"]
[PlyCount "142"]
[EventDate "2023.10.25"]
[EventType "swiss"]
[EventRounds "11"]
[EventCountry "IOM"]
[SourceTitle "Mega2024 Update 01"]
[Source "Chessbase"]
[SourceDate "2023.11.12"]
[SourceVersion "1"]
[SourceVersionDate "2023.11.12"]
[SourceQuality "1"]

1. e4 e5 2. Nf3 Nc6 3. Bb5 a6 4. Ba4 Nf6 5. 0-0 Be7 6. d3 b5 7. Bb3 d6 8. c3 0-0 9. h3 Bb7 10. a4 Nb8 11. axb5 axb5 12. Rxa8 Bxa8 13. Na3 Qd7 14. Nc2 Na6 15. Ne3 Nc5 16. Bc2 Re8 17. Nf5 Ne6 18. Nxe7+ Qxe7 19. Re1 c5 20. d4 exd4 21. cxd4 Nxd4 22. Nxd4 cxd4 23. Qxd4 Qc7 24. Bd3 Bxe4 25. Bxe4 Rxe4 26. Rxe4 Qxc1+ 27. Kh2 Nxe4 28. Qxe4 Qc8 29. Qd5 Qa6 30. b4 Kf8 31. f3 g6 32. Kg3 Qb6 33. h4 h5 34. Kh3 Kg7 35. Kg3 Kf8 36. Kh3 Kg8 37. Qa8+ Kg7 38. Qd5 Kf8 39. Qa8+ Ke7 40. Qe4+ Kf6 41. Qd5 Kg7 42. Kg3 Qb8 43. Qd4+ Kg8 44. Qd5 Kf8 45. Qc6 d5+ 46. Kh3 Qd8 47. Qxb5 d4 48. Qd3 Qc8+ 49. Kg3 Qb8+ 50. Kf2 Qxb4 51. Qe4 Qb2+ 52. Qe2 Qb6 53. Qd3 Qb2+ 54. Qe2 Qb6 55. Qd3 Kg7 56. Ke2 Qb2+ 57. Ke1 Qb4+ 58. Kf2 Qb2+ 59. Ke1 Qc1+ 60. Kf2 Qc5 61. Kf1 Kf6 62. Qa6+ Ke5 63. Qe2+ Kd6 64. g3 Qa3 65. Kf2 d3 66. Qe8 Qb2+ 67. Kf1 Qc1+ 68. Kf2 Qc2+ 69. Kf1 d2 70. Qd8+ Ke6 71. Qe8+ Kf6 0-1